书目信息 |
| 题名: |
点亮心灯
|
|
| 作者: | 光善慧 著 | |
| 分册: | ||
| 出版信息: | 芜湖 安徽师范大学出版社 2020 |
|
| 页数: | 283页 | |
| 开本: | 24cm | |
| 丛书名: | ||
| 单 册: | ||
| 中图分类: | G633.202 , G633.2 | |
| 科图分类: | ||
| 主题词: | 政治课--zheng zhi ke--教学研究--中学 | |
| 电子资源: | ||
| ISBN: | 978-7-5676-4693-3 | |
| 000 | 01163nam0 2200241 450 | |
| 001 | 2148573691 | |
| 005 | 20211113132631.98 | |
| 010 | @a978-7-5676-4693-3@dCNY65.00 | |
| 100 | @a20210128d2020 em y0chiy50 ea | |
| 101 | 0 | @achi |
| 102 | @aCN@b340000 | |
| 105 | @aa z 000yy | |
| 200 | 1 | @a点亮心灯@Adian liang xin deng@e一位信息时代思政教师的研与思@f光善慧著 |
| 210 | @a芜湖@c安徽师范大学出版社@d2020 | |
| 215 | @a283页@c图@d24cm | |
| 330 | @a本书涉及教育教学的多个方面多个角度,共三大篇,61篇文稿。“教研篇”25篇文稿,以“为学生站稳三尺讲台”为主线,展现了作者从教以来在不同学校执教的经历、体验和成长成熟。“育人篇”19篇文稿,以“帮学生扣好人生第一粒扣子”为主线,体现了一位思政老师的教育情怀和责任担当。“素养篇”17篇文稿,以“读书拓展生命的宽度”一以贯之,作者视读书为生命的必须,每年至少阅读20本以上的各类书籍,涉猎面很广,大多写有读后心得与感悟。 | |
| 517 | 1 | @a一位信息时代思政教师的研与思@Ayi wei xin xi shi dai si zheng jiao shi de yan yu si |
| 606 | 0 | @a政治课@Azheng zhi ke@x教学研究@x中学 |
| 690 | @aG633.202@v5 | |
| 690 | @aG633.2@v4 | |
| 701 | 0 | @a光善慧@Aguang shan hui@c(女)@4著 |
| 801 | 0 | @aCN@bBP@c20210128 |
| 905 | @aZUCC@dG633.2@e5 | |
| 点亮心灯:一位信息时代思政教师的研与思/光善慧著.-芜湖:安徽师范大学出版社,2020 |
| 283页:图;24cm |
| ISBN 978-7-5676-4693-3:CNY65.00 |
| 本书涉及教育教学的多个方面多个角度,共三大篇,61篇文稿。“教研篇”25篇文稿,以“为学生站稳三尺讲台”为主线,展现了作者从教以来在不同学校执教的经历、体验和成长成熟。“育人篇”19篇文稿,以“帮学生扣好人生第一粒扣子”为主线,体现了一位思政老师的教育情怀和责任担当。“素养篇”17篇文稿,以“读书拓展生命的宽度”一以贯之,作者视读书为生命的必须,每年至少阅读20本以上的各类书籍,涉猎面很广,大多写有读后心得与感悟。 |
| ● |
| 相关链接 |
|
|
|
正题名:点亮心灯
索取号:G633.2/5
 
预约/预借
| 序号 | 登录号 | 条形码 | 馆藏地/架位号 | 状态 | 备注 |
| 1 | 2000883352 | 2000883352 | 第二书库/ [索取号:G633.2/5] | 在馆 | |
| 2 | 2000883353 | 2000883353 | 第二书库/ [索取号:G633.2/5] | 在馆 | |
| 3 | 2000883354 | 2000883354 | 第二书库/ [索取号:G633.2/5] | 在馆 |